Statistics for Top 20 Smallest Countries in the World

Click here to take the quiz!

General Stats

  • This quiz has been taken 30 times
  • The average score is 4 of 20

Answer Stats

HintAnswer% Correct
0,44 km²Vatican City
82%
1,98 km²Monaco
36%
21 km²Nauru
36%
430 km²Barbados
18%
160 km²Liechtenstein
18%
261 km²Saint Kitts and Nevis
18%
616 km²Saint Lucia
18%
61 km²San Marino
18%
710 km²Singapore
18%
468 km²Andorra
9%
442 km²Antigua and Barbados
9%
316 km²
Malta
9%
280 km²
Saint Vincent and
the Grenadines
9%
702 km²F.S Micronesia
9%
344 km²Grenada
9%
300 km²Maldives
9%
181 km²Marshall Islands
9%
459 km²Palau
9%
452 km²Seychelles
9%
26 km²Tuvalu
9%

Score Distribution

Percentile by Number Answered

Percent of People with Each Score

Your Score History

You have not taken this quiz